[Event "TUR-chT2"]
[Site "Konya"]
[Date "2018.07.12"]
[Round "5.4"]
[White "Ilbay, Hakki"]
[Black "Bilgin, Murat Evrensel"]
[Result "0-1"]
[WhiteElo "1466"]
[BlackElo "1888"]
[PlyCount "40"]
[EventDate "2018.07.10"]
[EventType "team-swiss"]
[EventRounds "9"]
[EventCountry "TUR"]
[SourceTitle "EXT 2019"]
[Source "ChessBase"]
[SourceDate "2018.10.10"]
[SourceVersion "1"]
[SourceVersionDate "2018.10.10"]
[SourceQuality "1"]
[WhiteTeam "Burhaniye"]
[BlackTeam "Antalya Buyuk Ustalar"]
[WhiteTeamCountry "TUR"]
[BlackTeamCountry "TUR"]

1. e4 c5 2. Nc3 a6 3. Nf3 d6 4. d4 cxd4 5. Nxd4 Nf6 6. Be2 e5 7. Nb3 Be6 8. Be3 Nbd7 9. 0-0 Be7 10. Qd2 b5 11. a3 Rc8 12. f4 0-0 13. Rad1 Bc4 14. f5 Nb6 15. h3 Bxe2 16. Qxe2 Nc4 17. Bc1 Nxa3 18. bxa3 Rxc3 19. Kh2 Qc7 20. Na1 Rc4 0-1

[Event "TUR-chT2"]
[Site "Konya"]
[Date "2018.07.11"]
[Round "2.3"]
[White "Sapmaz, Ismail Tolga"]
[Black "Bilgin, Murat Evrensel"]
[Result "1/2-1/2"]
[WhiteElo "1478"]
[BlackElo "1888"]
[PlyCount "133"]
[EventDate "2018.07.10"]
[EventType "team-swiss"]
[EventRounds "9"]
[EventCountry "TUR"]
[SourceTitle "EXT 2019"]
[Source "ChessBase"]
[SourceDate "2018.10.10"]
[SourceVersion "1"]
[SourceVersionDate "2018.10.10"]
[SourceQuality "1"]
[WhiteTeam "Osmaneli Belediye"]
[BlackTeam "Antalya Buyuk Ustalar"]
[WhiteTeamCountry "TUR"]
[BlackTeamCountry "TUR"]

1. e4 c5 2. Nf3 d6 3. d4 cxd4 4. Nxd4 Nf6 5. Nc3 a6 6. a4 e6 7. Bc4 Be7 8. 0-0 Qc7 9. Bb3 Nc6 10. Be3 Bd7 11. f3 Ne5 12. Qe2 Rc8 13. Rfd1 h5 14. h3 h4 15. Qf2 Nc4 16. Bxc4 Qxc4 17. Qe2 Rh5 18. Qxc4 Rxc4 19. Nde2 e5 20. b3 Rc8 21. Rac1 Be6 22. Nd5 Nxd5 23. exd5 Bd7 24. c4 Bg5 25. Bxg5 Rxg5 26. Kf2 a5 27. Nc3 Bf5 28. Re1 Kd7 29. Ne4 Rg6 30. Rc3 b6 31. Rce3 Rh8 32. Nd2 Rgh6 33. f4 f6 34. Nf3 Rf8 35. Kg1 Rhh8 36. Kh2 Re8 37. fxe5 fxe5 38. Rf1 Ref8 39. Nd2 Bc2 40. Ref3 Ke7 41. Kg1 Rf6 42. Rc3 Rxf1+ 43. Nxf1 Bf5 44. Rf3 g6 45. Nd2 Re8 46. Kf2 e4 47. Re3 Kf6 48. Nf3 g5 49. Nd4 Ke5 50. Nf3+ Kf4 51. Ne1 Rf8 52. g3+ hxg3+ 53. Rxg3 g4 54. Ng2+ Ke5 55. hxg4 Bxg4+ 56. Ke3 Rf3+ 57. Rxf3 exf3 58. Ne1 f2 59. Nd3+ Kf6 60. Nxf2 Bf5 61. Kd4 Bc2 62. Ne4+ Ke7 63. Nd2 Kf6 64. Kc3 Bd1 65. Kd4 Bc2 66. Ne4+ Ke7 67. Nd2 1/2-1/2

[Event "TUR-chT2"]
[Site "Konya"]
[Date "2017.07.12"]
[Round "6.7"]
[White "Bilgin, Murat Evrensel"]
[Black "Tayhan, Nart Murat"]
[Result "0-1"]
[WhiteElo "1964"]
[BlackElo "1714"]
[PlyCount "79"]
[EventDate "2017.07.09"]
[EventType "team-swiss"]
[EventRounds "9"]
[EventCountry "TUR"]
[SourceTitle "CBM 179 Extra"]
[Source "ChessBase"]
[SourceDate "2017.08.23"]
[SourceVersion "1"]
[SourceVersionDate "2017.08.23"]
[SourceQuality "1"]
[WhiteTeam "Buyuk Ustalar"]
[BlackTeam "Genclik Merkezi Genc"]
[WhiteTeamCountry "TUR"]
[BlackTeamCountry "TUR"]

1. Nf3 Nf6 2. c4 e6 3. g3 d5 4. Bg2 Be7 5. 0-0 0-0 6. b3 c5 7. Bb2 Nc6 8. e3 b6 9. Nc3 Ba6 10. d3 Rc8 11. Qc2 Qd7 12. Rfd1 Rfd8 13. Nb5 Qe8 14. a4 Bb7 15. Ne5 Nxe5 16. Bxe5 a6 17. Na3 Bc6 18. Qb2 dxc4 19. Bxc6 Qxc6 20. bxc4 Qf3 21. Qc2 Ng4 22. Bc3 Bg5 23. h3 Nxf2 24. Kh2 Nxd1 25. Rxd1 Bxe3 26. Be1 Rd6 27. Nb1 Qf1 28. Qg2 Qxg2+ 29. Kxg2 Rcd8 30. Nc3 Rxd3 31. Rb1 Bd2 32. Bxd2 Rxd2+ 33. Kf1 R2d3 34. Ne2 Rd1+ 35. Rxd1 Rxd1+ 36. Kf2 Ra1 37. Ke3 Rxa4 38. Kd3 b5 39. Nc3 Rxc4 40. Ne4 0-1

[Event "TUR-chT2"]
[Site "Konya"]
[Date "2015.07.29"]
[Round "7.4"]
[White "Bilgin, Murat Evrensel"]
[Black "Sen, Sezgin"]
[Result "1-0"]
[WhiteElo "1946"]
[BlackElo "1829"]
[PlyCount "89"]
[EventDate "2015.07.25"]
[EventType "team-swiss"]
[EventRounds "9"]
[EventCountry "TUR"]
[SourceTitle "CBM 167 Extra"]
[Source "ChessBase"]
[SourceDate "2015.09.14"]
[SourceVersion "1"]
[SourceVersionDate "2015.09.14"]
[SourceQuality "1"]
[WhiteTeam "Canakkale Gokceada"]
[BlackTeam "Izmir Karsiyaka"]
[WhiteTeamCountry "TUR"]
[BlackTeamCountry "TUR"]

1. Nf3 g6 2. g3 d5 3. Bg2 Bg7 4. 0-0 Nf6 5. c4 c6 6. Qc2 0-0 7. b3 Bf5 8. d3 Nbd7 9. Bb2 Re8 10. Nd4 e5 11. Nxf5 gxf5 12. e3 Nf8 13. Nc3 Ng6 14. Ne2 h5 15. d4 e4 16. Nf4 Nxf4 17. gxf4 Rc8 18. Qe2 Re6 19. Rac1 Ng4 20. cxd5 cxd5 21. h3 Nf6 22. Qb5 Rb6 23. Qa5 Bf8 24. Rxc8 Qxc8 25. Rc1 Qb8 26. Bf1 Bb4 27. Qa4 Bd6 28. Ba3 Bxa3 29. Qxa3 Rc6 30. Rxc6 bxc6 31. Qe7 Kg7 32. b4 Qa8 33. Qc7 Qf8 34. a3 Qa8 35. Kh2 Ne8 36. Qd7 Kg6 37. Ba6 Nf6 38. Qe7 Qb8 39. Bb7 a5 40. bxa5 Qa7 41. a6 Qb8 42. Qc5 Qc7 43. Bxc6 Ng4+ 44. hxg4 hxg4 45. a7 1-0

[Event "Gebze op"]
[Site "Gebze"]
[Date "2013.10.04"]
[Round "3"]
[White "Bilgin, Murat Evrensel"]
[Black "Popovic, Dusan"]
[Result "0-1"]
[WhiteElo "1945"]
[BlackElo "2568"]
[PlyCount "56"]
[EventDate "2013.10.03"]
[EventType "swiss"]
[EventRounds "7"]
[EventCountry "TUR"]
[SourceTitle "CBM 157 Extra"]
[Source "ChessBase"]
[SourceDate "2013.12.19"]
[SourceVersion "1"]
[SourceVersionDate "2013.12.19"]
[SourceQuality "1"]

1. Nf3 d6 2. c4 g6 3. Nc3 Bg7 4. b4 e5 5. Rb1 f5 6. e3 Nf6 7. Be2 0-0 8. 0-0 e4 9. Ne1 Be6 10. f4 Nbd7 11. Nc2 c5 12. b5 Nb6 13. Na3 Qd7 14. Na4 Qf7 15. Nxb6 axb6 16. Qb3 Ra7 17. Qc2 d5 18. cxd5 Nxd5 19. Bc4 Nb4 20. Bxe6 Qxe6 21. Qb3 Kf7 22. Nc4 Rd8 23. a3 Rd3 24. Ne5+ Bxe5 25. Qxe6+ Kxe6 26. axb4 Bf6 27. Rf2 c4 28. Re2 Rb3 0-1

[Event "Gebze op"]
[Site "Gebze"]
[Date "2013.10.03"]
[Round "1"]
[White "Chigladze, Iveri"]
[Black "Bilgin, Murat Evrensel"]
[Result "1-0"]
[WhiteElo "2391"]
[BlackElo "1945"]
[PlyCount "65"]
[EventDate "2013.10.03"]
[EventType "swiss"]
[EventRounds "7"]
[EventCountry "TUR"]
[SourceTitle "CBM 157 Extra"]
[Source "ChessBase"]
[SourceDate "2013.12.19"]
[SourceVersion "1"]
[SourceVersionDate "2013.12.19"]
[SourceQuality "1"]

1. d4 Nf6 2. c4 g6 3. Nc3 d5 4. cxd5 Nxd5 5. e4 Nxc3 6. bxc3 Bg7 7. Bc4 0-0 8. Ne2 c5 9. 0-0 Nc6 10. Be3 Qc7 11. dxc5 Ne5 12. Bb3 Ng4 13. Bf4 e5 14. Bg5 h6 15. Bh4 g5 16. Bg3 Qxc5 17. Qd5 Qe7 18. Rad1 Be6 19. Qd6 Qxd6 20. Rxd6 Nf6 21. f3 Ne8 22. Rd2 Nc7 23. Rfd1 b5 24. Kf1 Rac8 25. Bxe6 Nxe6 26. Rd5 Rfd8 27. Ke1 Rxd5 28. Rxd5 Rc5 29. Bf2 Rxd5 30. exd5 Nf4 31. Nxf4 exf4 32. Kd2 a6 33. Kd3 1-0

[Event "SB-2012-0-00254"]
[Site "LSS email"]
[Date "2012.10.02"]
[Round "?"]
[White "Sikorski, Roman"]
[Black "Bilgin, Murat Evrensel"]
[Result "1-0"]
[WhiteElo "1872"]
[BlackElo "1751"]
[PlyCount "26"]
[EventDate "2012.09.11"]
[EventType "tourn (corr)"]
[EventRounds "6"]
[EventCountry "GER"]
[SourceTitle "Corr 2015"]
[Source "ChessBase"]
[SourceDate "2015.07.17"]
[SourceVersion "1"]
[SourceVersionDate "2015.07.17"]
[SourceQuality "1"]

1. e4 c5 2. Nf3 d6 3. d4 cxd4 4. Nxd4 Nf6 5. Nc3 a6 6. Bg5 e6 7. f4 h6 8. Bh4 Be7 9. Qf3 Qc7 10. 0-0-0 Nbd7 11. Be2 Rb8 12. Qg3 Rg8 13. Rhf1 b5 1-0

[Event "SB-2012-0-00234"]
[Site "LSS email"]
[Date "2012.06.18"]
[Round "?"]
[White "Bilgin, Murat Evrensel"]
[Black "Owens, Johnny"]
[Result "0-1"]
[WhiteElo "1751"]
[BlackElo "1872"]
[PlyCount "58"]
[EventDate "2012.05.24"]
[EventType "tourn (corr)"]
[EventRounds "6"]
[EventCountry "GER"]
[SourceTitle "Telechess CBM 161"]
[Source "ChessBase"]
[SourceDate "2014.07.16"]
[SourceVersion "1"]
[SourceVersionDate "2014.07.16"]
[SourceQuality "1"]

1. Nf3 c5 2. c4 Nc6 3. d4 cxd4 4. Nxd4 e6 5. Nc3 Nf6 6. g3 Qb6 7. Ndb5 Ne5 8. Bg2 Nxc4 9. Qa4 a6 10. Qxc4 axb5 11. Qxb5 Qxb5 12. Nxb5 Bb4+ 13. Bd2 Bxd2+ 14. Kxd2 Ke7 15. Rhc1 d5 16. Rc7+ Bd7 17. Rxb7 Rhb8 18. Rxb8 Rxb8 19. a4 Ng4 20. h3 Ne5 21. b4 Bxb5 22. axb5 Rxb5 23. Ra7+ Ke8 24. Kc3 Rb8 25. Ra5 g5 26. e3 Rc8+ 27. Kb3 Nd3 28. f4 Rc1 29. b5 Nc5+ 0-1

[Event "OP-2012-0-02227"]
[Site "LSS email"]
[Date "2012.06.03"]
[Round "?"]
[White "Mori, Roberto"]
[Black "Bilgin, Murat Evrensel"]
[Result "0-1"]
[WhiteElo "633"]
[BlackElo "1898"]
[PlyCount "42"]
[EventDate "2012.05.31"]
[EventType "tourn (corr)"]
[EventRounds "4"]
[EventCountry "GER"]
[SourceTitle "Telechess CBM 153"]
[Source "ChessBase"]
[SourceDate "2013.03.14"]
[SourceVersion "1"]
[SourceVersionDate "2013.03.14"]
[SourceQuality "1"]

1. e4 c5 2. Nf3 d6 3. d4 cxd4 4. Nxd4 Nf6 5. Nc3 a6 6. Bg5 e6 7. Be2 Be7 8. 0-0 h6 9. h3 hxg5 10. a3 Bd7 11. Bf3 Nc6 12. Nb3 Ne5 13. Nd2 Rc8 14. Rb1 Qb6 15. Qe2 Qc5 16. Rbc1 Nxf3+ 17. Qxf3 g4 18. hxg4 Qg5 19. Qg3 Qxd2 20. Rfd1 Qh6 21. f3 Qe3+ 0-1

[Event "TUR-ch"]
[Site "Kemer"]
[Date "2012.01.29"]
[Round "2"]
[White "Bilgin, Murat Evrensel"]
[Black "Korkmaz, Necmettin"]
[Result "0-1"]
[WhiteElo "1868"]
[BlackElo "2164"]
[PlyCount "66"]
[EventDate "2012.01.29"]
[EventType "swiss"]
[EventRounds "10"]
[EventCountry "TUR"]
[SourceTitle "CBM 146 Extra"]
[Source "ChessBase"]
[SourceDate "2012.02.29"]
[SourceVersion "1"]
[SourceVersionDate "2012.02.29"]
[SourceQuality "1"]

1. Nf3 d5 2. c4 c6 3. g3 Nf6 4. Bg2 g6 5. b3 Bg7 6. Bb2 0-0 7. 0-0 Re8 8. d3 Nbd7 9. Nbd2 e5 10. cxd5 Nxd5 11. Qc1 Nf8 12. Nc4 f6 13. Rd1 Be6 14. e4 Nb6 15. Na5 Qc7 16. Qc3 Rad8 17. a4 Bg4 18. b4 Ne6 19. Qb3 Kh8 20. h3 Bxf3 21. Bxf3 Nd4 22. Bxd4 Rxd4 23. b5 c5 24. Rdc1 Red8 25. Be2 f5 26. exf5 gxf5 27. Qe6 e4 28. Qxf5 exd3 29. Rxc5 Qe7 30. Bg4 R4d5 31. Rxd5 Rxd5 32. Qf3 Bxa1 33. Nb3 d2 0-1

[Event "TUR-ch"]
[Site "Kemer"]
[Date "2011.02.06"]
[Round "3"]
[White "Bilgin, Murat Evrensel"]
[Black "Buyukasik, Diyap"]
[Result "1-0"]
[WhiteElo "1869"]
[BlackElo "2035"]
[PlyCount "133"]
[EventDate "2011.02.05"]
[EventType "swiss"]
[EventRounds "10"]
[EventCountry "TUR"]
[SourceTitle "CBM 140 Extra"]
[Source "ChessBase"]
[SourceDate "2011.03.01"]
[SourceVersion "1"]
[SourceVersionDate "2011.03.01"]
[SourceQuality "1"]

1. Nf3 Nf6 2. b3 g6 3. Bb2 d5 4. g3 Bg7 5. Bg2 0-0 6. 0-0 c5 7. d4 Bf5 8. dxc5 Na6 9. c6 bxc6 10. Nbd2 Qb6 11. Nh4 Bg4 12. h3 Bd7 13. e4 dxe4 14. Nxe4 Nxe4 15. Bxg7 Kxg7 16. Qxd7 Nxg3 17. Qxe7 Rae8 18. Qg5 Ne2+ 19. Kh1 f6 20. Qg4 f5 21. Qc4 c5 22. Rad1 Re7 23. Rd2 Rfe8 24. Rfd1 Nd4 25. Nf3 Qb7 26. Qc3 Kf8 27. Nxd4 Re1+ 28. Rxe1 Rxe1+ 29. Kh2 Qb8+ 30. Qg3 f4 31. Qf3 cxd4 32. Rxd4 g5 33. h4 h6 34. Bh3 Nc5 35. Kg2 Re8 36. Qc6 Qb6 37. Qxb6 axb6 38. hxg5 hxg5 39. Bf5 Re5 40. Bg4 Ne4 41. Kf3 Nc3 42. a4 Nd5 43. Re4 Re7 44. Rxe7 Kxe7 45. Ke4 Nb4 46. c3 Na6 47. Kf5 Nc5 48. Kxg5 Ne4+ 49. Kxf4 Nxf2 50. Be2 Kd6 51. Ke3 Nh3 52. Kd4 Nf4 53. Bg4 Ng6 54. Bf5 Ne5 55. Be4 Nf7 56. b4 Kc7 57. c4 Nd6 58. c5 bxc5+ 59. bxc5 Nc8 60. a5 Na7 61. a6 Nb5+ 62. Kc4 Na7 63. Bb7 Kd7 64. Kd5 Kc7 65. Kc4 Kd7 66. Kb4 Kd8 67. c6 1-0